| 000 | 00713nam a2200181 i 4500 | ||
|---|---|---|---|
| 001 | 165653 | ||
| 003 | ES-MaACL | ||
| 005 | 20250709063222.0 | ||
| 008 | 050831s1864 sp |||| | spa d | ||
| 100 | 1 |
_aSouvestre, Émile, _d1806-1854 _9107604 |
|
| 245 | 1 | 3 |
_aEl mendigo de San Roque / _cpor Emilio Souvestre. |
| 260 |
_aMadrid : _bLas Novedades, _c1864 ( _fImp. de Las Novedades, a cargo de A. Querol y Caparrós) |
||
| 300 |
_a77 p. ; _c22 cm. |
||
| 596 | _aPublicada en el Folletín de Las Novedades. | ||
| 597 | _aTexto a dos col. | ||
| 852 |
_aES-MaACL _jG-4760(8) _z- Enc. hol., falto de la enc. original _z. - Legado de M. de la Fuente _z- Enc. en un vol. facticio |
||
| 999 |
_c165653 _d165653 |
||